Sports Quiz

Random Sports Quiz

'B' Sports Pictures (slideshow) Quiz Stats

Quiz not verified by Sporcle

Challenge
Share
Tweet
Score 0/25 Timer 05:00
0 Plays Today
% Correct
Usain Bolt
96.4%
David Beckham
93.8%
Beach Volleyball
91.5%
Boxing
89.3%
Chicago Bears
89.1%
Basketball
87.9%
Badminton
85.2%
Brazil
79.6%
BMX
76.5%
Atlanta Braves
74.3%
Barcelona
73.9%
Larry Bird
72.1%
Bobsled
71.5%
% Correct
Björn Borg
70.5%
Berlin
69.7%
Barry Bonds
55.7%
Jim Brown
55.4%
Boules (or Bocce)
55%
Biathlon
53.4%
Bangladesh
44.5%
Franz Beckenbauer
29.5%
Yohan Blake
29.2%
Bonnie Blair
26.7%
Sergei Bubka
26.5%
Bob Beamon
24.3%

You're not logged in!

Compare scores with friends on all Sporcle quizzes.
Sign Up with Email
OR
Log In

You Might Also Like...

Show Comments

Extras

Top Quizzes Today


Score Distribution

Your Account Isn't Verified!

In order to create a playlist on Sporcle, you need to verify the email address you used during registration. Go to your Sporcle Settings to finish the process.